000 00619nam a2200169Ia 4500
003 IN-BaIIA
008 211028s9999 xx s 000 0 eng d
020 _a9781628418019 (Print)
040 _cIIA Library
100 _aZhang, Xuping, ed.
_941288
245 0 _a2015 International Conference on Optical Instruments and Technology: Optical Sensors and Applications
_h[eBook]
260 _aWashington, USA
_bSPIE
_c2015
300 _aOnline resource
490 _aProceedings of SPIE; V. 9620
856 _uhttps://www.spiedigitallibrary.org/conference-proceedings-of-spie/9620
_yClick Here to Access eBook
942 _cEB
999 _c22664
_d22664